| 000 | 01271nam a2200337Ia 4500 | ||
|---|---|---|---|
| 003 | GCL | ||
| 008 | 140319s9999 xx 000 0 ara d | ||
| 020 | _a1128293977 | ||
| 040 |
_aGCL / _cGCL |
||
| 082 | 0 | 4 |
_a818 _bف أ |
| 100 | 1 | _aفؤاد قنديل | |
| 245 | 1 | 0 |
_aادب الرحلة فى التراث العربى / _cفؤاد قنديل |
| 250 | _aالاولى | ||
| 260 |
_aالقاهرة : _bمكتبة الدار العربية للكتاب ، _c2002 |
||
| 300 |
_a558 ص ؛ _c24 سم |
||
| 650 | 0 | 4 | _aالادب العربى |
| 650 | 0 | 4 | _aالتراث العربى |
| 650 | 0 | 4 | _aابن خلدون |
| 650 | 0 | 4 | _aالرحالة |
| 650 | 0 | 4 | _aالرحلات فى الادب |
| 650 | 0 | 4 | _aابن بطوطة |
| 650 | 0 | 4 | _aالرحالة - تراجم |
| 650 | 0 | 4 | _aالرحالة - العالم الاسلامى |
| 650 | 0 | 4 | _aالرحالة - القرن الثالث الهجرى |
| 650 | 0 | 4 | _aالرحالة - القرن الرابع الهجرى |
| 650 | 0 | 4 | _aالرحالة - القرن الخامس الهجرى |
| 650 | 0 | 4 | _aالرحالة - القرن السادس الهجرى |
| 650 | 0 | 4 | _aالرحالة - القرن السابع الهجرى |
| 650 | 0 | 4 | _aالرحالة - القرن الثامن الهجرى |
| 942 |
_2ddc _cBK |
||
| 999 |
_c8020 _d8020 |
||